000 00545cam a22001815a 4500
001 ##J100723
008 000000s1908 000 0 eng u
035 _a(Sirsi) u100723
041 0 _aeng
050 0 4 _a333.062 $2 18
110 2 _aSurveyors' Institution
_bIncorporated Benevolent Fund
_94853
245 0 0 _aCommittee's report and balance sheet for the year 1907-8 to June 30th, 1907
260 _a[S.l.]
_b[s.n.]
_c1908
300 _a11p.
_c22cm.
651 4 _aGreat Britain
_y1707-
690 _aABOUT RICS-RICS ANNUAL REPORT
942 _n0
999 _c99780
_d99780